000 01951cam a22005054i 4500
003 PE-LiUPU
005 20250731183409.0
008 171204s2016 ag a rb 000 0 spa d
020 _a9789873627187
035 _a(Sirsi) a240262
040 _aPE-LiUPU
_bspa
_cPE-LiUPU
_erda
049 _aPRUA
082 0 4 _a711.4
_bH11
_223
245 0 0 _aHábitat en deuda :
_bveinte años de políticas urbanas en América Latina /
_cMichael Cohen, María Carrizosa, Margarita Gutman (editores).
250 _a1er edición.
264 1 _aBuenos Aires :
_bCafé de las ciudades,
_c2016.
300 _a549 páginas :
_bilustraciones ;
_c20 centímetros.
336 _atext
_2rdacontent
337 _aunmediated
_2rdamedia
338 _avolume
_2rdacarrier
490 0 _aColección Hábitat
504 _aBibliografía : páginas 519-544.
505 0 _aCasas sin gente y gente sin casas y otros fenómenos -- Avances normativos y poca implementación -- Narrativas de inclusión y otros dilemas -- Ampliar la mirada: el mundo,la región y el futuro.
526 _aP158
526 _aP146
526 _aP17
526 _aP12
526 _aP06
526 8 _iPrograma académico :
_5PE-LiUPU
541 _g003-1758;
650 0 4 _aSocial conditions.
650 0 4 _aUrban policy.
650 0 4 _aLatin America.
650 0 4 _aCondiciones sociales.
650 0 4 _aPolítica urbana.
650 0 4 _aAmerica latina.
700 1 _aCarrizosa, María,
_eeditora.
700 1 _aCohen, Michael,
_eeditor.
700 1 _aGutman, Margarita,
_eeditor.
710 2 _aNew School (New York, N.Y.).
910 _adbm
_bksl
_cksl
_d20171204
596 _a1
942 _2ddc
_cBOOK
999 _a711.4 H11
_wLC
_c25927
_i77380
_f2021-11-9
_g4
_lCCODEBUL1
_mBUL
_p51.18
_r0
_sY
_tBOOK
_u2017-12-4
_xINGENIERIA
_PP06
_0COMPRA
_o.STAFF. Colección Ingeniería y Arquitectura
_d25927
980 _81
_gALBERTO SANCHEZ Responsable de Automatización